000 00541cam a2200157 4500500
005 20260405004504.0
041 _afre
042 _adc
100 1 0 _aHaidar, Riad
_eauthor
700 1 0 _aHugonnot, Emmanuel
_eauthor
700 1 0 _aJoindot, Michel
_eauthor
700 1 0 _aMoncorgé, Richard
_eauthor
245 0 0 _aComposants optoélectroniques
260 _bTechniques de l'ingénieur,
_c2025.
856 4 1 _uhttps://stm.cairn.info/techniques-de-l-ingenieur-composants-optoelectroniques--42451210?lang=fr&redirect-ssocas=7080
999 _c2076705
_d2076705